Sports Quiz

Random Sports or WWE Quiz

Ultimate Warrior's WWF PPV Opponents Quiz Stats

 Plays Quiz Updated Feb 3, 2020

Support Sporcle.
Go Orange.
Score 0/35 Timer 08:00
0 Plays Today
Event Wrestler % Correct
Royal Rumble 1990Hulk Hogan, Rick Rude and the Barbarian
98.4%
WrestleMania VIHulk Hogan
97.1%
WrestleMania VIIRandy Savage
86.2%
SummerSlam 1992Randy Savage
86.1%
Royal Rumble 1989'Ravishing' Rick Rude
80.7%
WrestleMania V'Ravishing' Rick Rude
80.7%
SummerSlam 1989'Ravishing' Rick Rude
80.7%
SummerSlam 1990'Ravishing' Rick Rude
80.7%
WrestleMania XIIHunter Hearst Helmsley
71.2%
Royal Rumble 1991Sgt. Slaughter
64%
SummerSlam 1991Sgt. Slaughter
64%
Survivor Series 1990Ted Dibiase
63%
Survivor Series 1989Andre the Giant
62.7%
SummerSlam 1988Honky Tonk Man
61.1%
Survivor Series 1988Honky Tonk Man
61.1%
Survivor Series 1990Mr. Perfect
54.4%
WrestleMania IVHercules
48.7%
Survivor Series 1990Hercules
48.7%
Event Wrestler % Correct
Survivor Series 1990Ax
45%
Survivor Series 1990Smash
44.9%
Survivor Series 1990Rick Martel
43.5%
Survivor Series 1989Haku
43.4%
Survivor Series 1990Crush
42.8%
Survivor Series 1990Warlord
42.5%
SummerSlam 1991Colonel Mustafa
41.6%
SummerSlam 1991General Adnan
41.3%
Survivor Series 1988Greg 'The Hammer' Valentine
41%
King of the Ring 1996Jerry 'The King' Lawler
38.3%
In Your House 7: Good Friends, Better EnemiesGoldust
37.4%
Survivor Series 1990Paul Roma
34.4%
Survivor Series 1989Bobby Heenan
32.7%
Survivor Series 1989Arn Anderson
32.4%
Survivor Series 1988Bad News Brown
26.2%
Survivor Series 1988'Outlaw' Ron Bass
23%
Survivor Series 1988Danny Davis
20.3%

From the Vault

Books Half Off!

by MSUKent

Act Fast! Supplies are Limited!
Remove Ads.
Support Sporcle.
Get the best of Sporcle when you Go Orange. This ad-free experience offers more features, more stats, and more fun while also helping to support Sporcle. Thank you for becoming a member.

Show Comments

Extras

Top Quizzes Today


Score Distribution

Your Account Isn't Verified!

In order to create a playlist on Sporcle, you need to verify the email address you used during registration. Go to your Sporcle Settings to finish the process.

Report this User

Report this user for behavior that violates our Community Guidelines.

Details: